Normal view
MARC view
- Andriamirado, par Sennen
Entry Personal Name
001 - CONTROL NUMBER
- control field: 23564
003 - CONTROL NUMBER IDENTIFIER
- control field: NUST
005 - DATE AND TIME OF LATEST TRANSACTION
- control field: 20191013105924.0
008 - FIXED-LENGTH DATA ELEMENTS
- fixed length control field: 191013|| aca||aabn | a|a d
040 ## - CATALOGING SOURCE
- Original cataloging agency: NUST
- Transcribing agency: NUST
100 ## - HEADING--PERSONAL NAME
- Personal name: Andriamirado, par Sennen
670 ## - SOURCE DATA FOUND
- Source citation: Work cat.: (NUST): Andriamirado, par Sennen, Le Mali /
